[Event "Athens Smaok op 5th"]
[Site "Athens"]
[Date "2010.03.23"]
[Round "2"]
[White "Konstantopoulos, Dimitrios"]
[Black "Zenelis, Konstantinos"]
[Result "1-0"]
[WhiteElo "1913"]
[BlackElo "2179"]
[PlyCount "145"]
[EventDate "2010.03.16"]
[EventType "swiss"]
[EventRounds "7"]
[EventCountry "GRE"]
[SourceTitle "EXT 2011"]
[Source "ChessBase"]
[SourceDate "2010.11.26"]
[SourceVersion "1"]
[SourceVersionDate "2010.11.26"]
[SourceQuality "1"]

1. e4 e6 2. d4 d5 3. Nc3 Bb4 4. e5 Ne7 5. Bd2 c5 6. Nb5 Bxd2+ 7. Qxd2 0-0 8. f4 a6 9. Nd6 cxd4 10. Nf3 Nbc6 11. Bd3 f6 12. 0-0 fxe5 13. fxe5 Rxf3 14. Rxf3 Nxe5 15. Qf4 Nxf3+ 16. gxf3 Nf5 17. Bxf5 exf5 18. Re1 Bd7 19. Qe5 h6 20. Qxd5+ Kh7 21. Nf7 Qh4 22. Re2 Bc6 23. Qxf5+ g6 24. Qg4 Qf6 25. Ne5 Re8 26. Nd7 Qf7 27. Ne5 Qg7 28. f4 Bb5 29. Rg2 Qf6 30. h4 Rg8 31. Rd2 h5 32. Qg3 Qf5 33. Nf3 d3 34. cxd3 Rc8 35. Ne5 Rc1+ 36. Kh2 Rf1 37. Nf3 Bc6 38. Rf2 Rd1 39. Ng5+ Kh6 40. Ne4 Bxe4 41. Qg5+ Kh7 42. Qe7+ Kh6 43. dxe4 Re1 44. Qg5+ Qxg5 45. hxg5+ Kg7 46. e5 Kf7 47. Kg2 Ke6 48. Kf3 Kf5 49. Re2 Rxe2 50. Kxe2 Ke6 51. b4 Kf5 52. a4 Ke6 53. Ke3 Kf5 54. Kf3 Ke6 55. Ke4 Kf7 56. f5 gxf5+ 57. Kxf5 Kg7 58. e6 b6 59. e7 Kf7 60. g6+ Kxe7 61. Kg5 h4 62. Kxh4 Kf6 63. Kh5 Kg7 64. Kg5 b5 65. axb5 axb5 66. Kf5 Kg8 67. Kf6 Kf8 68. Ke6 Kg7 69. Kd5 Kxg6 70. Kc5 Kf6 71. Kxb5 Ke7 72. Kc6 Kd8 73. Kb7 1-0

[Event "Athens Smaok op 4th"]
[Site "Athens"]
[Date "2010.02.16"]
[Round "6"]
[White "Paouris, Nikolaos"]
[Black "Zenelis, Konstantinos"]
[Result "0-1"]
[WhiteElo "1909"]
[BlackElo "2172"]
[PlyCount "44"]
[EventDate "2010.01.12"]
[EventType "swiss"]
[EventRounds "7"]
[EventCountry "GRE"]
[SourceTitle "EXT 2011"]
[Source "ChessBase"]
[SourceDate "2010.11.26"]
[SourceVersion "1"]
[SourceVersionDate "2010.11.26"]
[SourceQuality "1"]

1. c4 c6 2. e4 d5 3. exd5 cxd5 4. Nf3 Nf6 5. Nc3 d4 6. Nb5 Nc6 7. Qe2 a6 8. Na3 Bf5 9. d3 e5 10. Nc2 Be7 11. g3 e4 12. dxe4 Bxe4 13. Qd1 d3 14. Ne3 Bb4+ 15. Bd2 Bxd2+ 16. Kxd2 Qa5+ 17. Kc1 d2+ 18. Nxd2 Bxh1 19. f3 Rd8 20. Be2 0-0 21. a3 Rfe8 22. Nc2 Bg2 0-1

[Event "Athens Smaok op 4th"]
[Site "Athens"]
[Date "2010.01.12"]
[Round "1"]
[White "Zenelis, Konstantinos"]
[Black "Karteri, Olga"]
[Result "1-0"]
[WhiteElo "2172"]
[BlackElo "1892"]
[PlyCount "69"]
[EventDate "2010.01.12"]
[EventType "swiss"]
[EventRounds "7"]
[EventCountry "GRE"]
[SourceTitle "EXT 2011"]
[Source "ChessBase"]
[SourceDate "2010.11.26"]
[SourceVersion "1"]
[SourceVersionDate "2010.11.26"]
[SourceQuality "1"]

1. e4 d5 2. exd5 Qxd5 3. Nc3 Qd6 4. Bc4 Nf6 5. Nf3 a6 6. Qe2 e6 7. 0-0 Be7 8. d4 0-0 9. Ne4 Qd8 10. Nxf6+ Bxf6 11. c3 Nc6 12. Bf4 b5 13. Bd3 Bb7 14. Qe4 g6 15. Rad1 Qc8 16. Qe3 Ne7 17. Be5 Bxe5 18. Nxe5 Nf5 19. Qf4 f6 20. Ng4 c5 21. Bxf5 exf5 22. Ne3 cxd4 23. Rxd4 Rd8 24. Rfd1 Rxd4 25. Rxd4 Qc6 26. Rd6 Qc7 27. Qd4 f4 28. Ng4 Qe7 29. Nxf6+ Kf8 30. Nxh7+ Kg8 31. Nf6+ Kf8 32. h3 f3 33. Rd7 Qe1+ 34. Kh2 fxg2 35. Qd6+ 1-0

[Event "Ambelokipi op 84th"]
[Site "Athens"]
[Date "2008.02.02"]
[Round "7"]
[White "Filippas, Sebastian"]
[Black "Zenelis, Konstantinos"]
[Result "1-0"]
[WhiteElo "2145"]
[BlackElo "2120"]
[PlyCount "123"]
[EventDate "2008.01.12"]
[EventType "swiss"]
[EventRounds "7"]
[EventCountry "GRE"]
[SourceTitle "EXT 2010"]
[Source "ChessBase"]
[SourceDate "2010.11.25"]
[SourceVersion "1"]
[SourceVersionDate "2010.11.25"]
[SourceQuality "1"]

1. Nf3 d5 2. d4 Nc6 3. g3 Bf5 4. Bg2 e6 5. 0-0 Nf6 6. c4 Be7 7. Nc3 0-0 8. Ne5 Ne4 9. cxd5 exd5 10. Nxc6 bxc6 11. Nxe4 Bxe4 12. Bxe4 dxe4 13. Qc2 Qxd4 14. Be3 Qd5 15. Rfd1 Qe6 16. Rd4 f5 17. Rc4 Rf6 18. Rc1 Bd6 19. b3 Re8 20. Bd4 Rg6 21. e3 f4 22. exf4 Qh3 23. Re1 Rh6 24. f3 Bxf4 25. Rxc6 Bd6 26. Rxe4 Rxe4 27. fxe4 Qg4 28. Bf2 Rf6 29. Rc4 Qf3 30. Rc3 Qg4 31. Re3 Be5 32. Qe2 Qd7 33. Rd3 Rd6 34. Rxd6 cxd6 35. Qc4+ Kf8 36. Kg2 Qb7 37. Qd5 Qb8 38. Qc6 a5 39. Bb6 Ke7 40. Bxa5 Qf8 41. Bb6 h5 42. Be3 Bf6 43. Bf4 Qb8 44. Qd5 g6 45. a4 Qc7 46. Qc4 Qa5 47. Qd5 Qc7 48. Qd3 g5 49. Bd2 Qc6 50. a5 g4 51. a6 h4 52. gxh4 Bxh4 53. a7 Qb7 54. Be3 Qc6 55. Qd5 Qa6 56. Qd2 Ke6 57. b4 Kd7 58. b5 Qa4 59. Qd5 Qc2+ 60. Bd2 Qd1 61. Qf7+ Be7 62. a8Q 1-0

[Event "Ambelokipi op 84th"]
[Site "Athens"]
[Date "2008.01.12"]
[Round "1"]
[White "Alibertis, Nikolaos"]
[Black "Zenelis, Konstantinos"]
[Result "0-1"]
[WhiteElo "1716"]
[BlackElo "2120"]
[PlyCount "52"]
[EventDate "2008.01.12"]
[EventType "swiss"]
[EventRounds "7"]
[EventCountry "GRE"]
[SourceTitle "EXT 2010"]
[Source "ChessBase"]
[SourceDate "2010.11.25"]
[SourceVersion "1"]
[SourceVersionDate "2010.11.25"]
[SourceQuality "1"]

1. d4 d5 2. Nf3 Nf6 3. Bf4 Bf5 4. e3 e6 5. Bd3 Bg6 6. h3 c6 7. Ne5 Qb6 8. b3 Nbd7 9. Nxg6 hxg6 10. c3 c5 11. Nd2 Bd6 12. Bxd6 Qxd6 13. Nf3 Rd8 14. Bb5 0-0 15. Bxd7 Rxd7 16. Ne5 Rc7 17. 0-0 Ne4 18. Rc1 cxd4 19. cxd4 Rfc8 20. Rxc7 Qxc7 21. Nd3 Qa5 22. a4 Qc3 23. Nc1 a5 24. Na2 Qb2 25. Qb1 Qe2 26. Nc1 Qxf1+ 0-1